| 000 | 00893cab a2200277 4500 | ||
|---|---|---|---|
| 001 | ABS45582 | ||
| 008 | 090401t1991 xxu||||| |||| 00| 0 eng d | ||
| 035 | _a(Sirsi) u53827 | ||
| 041 | _aeng | ||
| 100 | _aEvans, P. | ||
| 245 | _aProperty - will there be a `finance famine`? | ||
| 260 | _c1991 | ||
| 350 | _a0 | ||
| 490 |
_aProperty Journal _v16(6) December 1991, 16-18(3) |
||
| 520 | _aSupports fears of a lack of funding for property by reviewing the positions of the main sources of finance: the institutions, foreign investors, property companies and banks. | ||
| 650 | _aBANK LENDING | ||
| 650 | _aBANKS | ||
| 650 | _aINSTITUTIONAL INVESTMENT | ||
| 650 | _aINWARD INVESTMENT | ||
| 650 | _aPROPERTY COMPANIES | ||
| 650 | _aPROPERTY FINANCE | ||
| 650 | _aPROPERTY INVESTMENT | ||
| 690 | _aPROPERTY-PROPERTY FINANCE AND INVESTMENT | ||
| 942 | _n0 | ||
| 948 | _c04/03/1997 | ||
| 999 |
_c33076 _d33076 |
||